|
|
|
|
| LEADER |
01047nam a2200265 4500 |
| 001 |
c000059236 |
| 003 |
CARM |
| 005 |
00000000000000.0 |
| 008 |
690317s1968 nyub b 00110 eng0 |
| 019 |
1 |
|
|a 2570
|5 LACONCORD2021
|
| 035 |
|
|
|a (OCoLC)1841
|5 LACONCORD2021
|
| 050 |
0 |
0 |
|a HD9578.A55
|b S27
|
| 100 |
1 |
|
|a Sayegh, Kamal S.
|
| 245 |
1 |
|
|a Oil and Arab regional development
|c [by] Kamal S. Sayegh.
|
| 260 |
|
|
|a New York,
|b Praeger
|c [1968]
|
| 300 |
|
|
|a xix, 357 p.
|b maps.
|c 25 cm.
|
| 490 |
0 |
|
|a Praeger special studies in international economics and development
|
| 500 |
|
|
|a A revision of the author's thesis, Harvard University.
|
| 504 |
|
|
|a Bibliography: p. 333-348.
|
| 650 |
|
0 |
|a Petroleum industry and trade
|z Arab countries.
|
| 651 |
|
0 |
|a Arab countries
|x Economic conditions.
|
| 852 |
8 |
|
|b CARM
|h A2:AI22F0
|i C04435
|p 0187020
|f BK
|
| 082 |
0 |
4 |
|a 338.2/7/282
|
| 999 |
f |
f |
|i ebe315d1-4040-5562-8bd0-4984d68d2198
|s 5858a34b-1c76-576e-bcc2-70c22909a0a0
|
| 952 |
f |
f |
|p Can circulate
|a CAVAL
|b CAVAL
|c CAVAL
|d CARM 1 Store
|e C04435
|f A2:AI22F0
|h Other scheme
|i book
|m 0187020
|